Statistics for 10 Largest City in Bosnia and Herzegovina

Click here to take the quiz!

General Stats

  • This quiz has been taken 148 times
  • The average score is 7 of 10

Answer Stats

HintAnswer% Correct
1#Sarajevo
100%
6#Mostar
93%
2#Banja Luka
92%
3#Tuzla
87%
4#Zenica
82%
8#Brcko
55%
9#Doboj
55%
5#Bijeljina
53%
7#Prijedor
50%
10#Cazin
39%

Score Distribution

Percentile by Number Answered

Percent of People with Each Score

Your Score History

You have not taken this quiz